[Event "RSA-chB"]
[Site "Cape Town"]
[Date "2019.12.17"]
[Round "11"]
[White "Van der Merwe, Alexander"]
[Black "Willenberg, Kenneth Sean"]
[Result "0-1"]
[WhiteElo "1614"]
[BlackElo "1956"]
[PlyCount "80"]
[EventDate "2019.12.07"]
[EventType "swiss"]
[EventRounds "11"]
[EventCountry "RSA"]
[SourceTitle "EXT 2021"]
[Source "ChessBase"]
[SourceDate "2020.10.23"]
[SourceVersion "1"]
[SourceVersionDate "2020.10.23"]
[SourceQuality "1"]

1. e4 c5 2. Nf3 e6 3. d4 cxd4 4. Nxd4 a6 5. Nc3 Qc7 6. Be3 d6 7. h3 Nf6 8. g4 h6 9. Qd2 Nbd7 10. f4 Nc5 11. Bg2 Be7 12. 0-0-0 Bd7 13. Bf3 Nh7 14. h4 Nf8 15. g5 0-0-0 16. f5 h5 17. Qe2 Kb8 18. Bxh5 Be8 19. Bg4 Bd7 20. h5 Rc8 21. g6 fxg6 22. fxg6 Bf6 23. Rdf1 Rg8 24. Kb1 Qa5 25. Qd2 Be5 26. Nde2 Qb4 27. a3 Qb6 28. Bd4 Bc6 29. Bxe5 dxe5 30. Qe3 Nfd7 31. Ka1 a5 32. Rd1 Nb3+ 33. cxb3 Qxe3 34. Bxe6 Rgd8 35. h6 gxh6 36. g7 Nf6 37. Bxc8 Rxc8 38. Rhg1 Ng8 39. Rgf1 Qc5 40. Nd5 Qd6 0-1

[Event "Boksburg Inter Region-ch"]
[Site "Boksburg"]
[Date "2016.12.22"]
[Round "6.1"]
[White "Willenberg, Kenneth Sean"]
[Black "Mwale, Joseph"]
[Result "1/2-1/2"]
[WhiteElo "1950"]
[BlackElo "2120"]
[PlyCount "50"]
[EventDate "2016.12.20"]
[EventType "team-swiss"]
[EventRounds "7"]
[EventCountry "RSA"]
[SourceTitle "CBM 176 Extra"]
[Source "ChessBase"]
[SourceDate "2017.03.02"]
[SourceVersion "1"]
[SourceVersionDate "2017.03.02"]
[SourceQuality "1"]
[WhiteTeam "Chess WP II"]
[BlackTeam "Ethekwini"]
[WhiteTeamCountry "RSA"]
[BlackTeamCountry "RSA"]

1. e4 e5 2. Nf3 Nf6 3. d3 Nc6 4. Bg5 Be7 5. c4 d6 6. h3 h6 7. Be3 0-0 8. Be2 Be6 9. Nc3 Re8 10. 0-0 Bf8 11. d4 exd4 12. Nxd4 Bd7 13. Bd3 Ne5 14. Be2 Ng6 15. Bd3 c6 16. f4 Qa5 17. Qf3 Rad8 18. Nb3 Qc7 19. Rad1 Be7 20. a4 a5 21. Qf2 c5 22. Qc2 Nf8 23. Rde1 Bc6 24. Bd2 b6 25. Nc1 N6h7 1/2-1/2

[Event "Boksburg Inter Region-ch"]
[Site "Boksburg"]
[Date "2016.12.22"]
[Round "5.1"]
[White "Willenberg, Kenneth Sean"]
[Black "Tenji, Sasa"]
[Result "1-0"]
[WhiteElo "1950"]
[BlackElo "1514"]
[PlyCount "87"]
[EventDate "2016.12.20"]
[EventType "team-swiss"]
[EventRounds "7"]
[EventCountry "RSA"]
[SourceTitle "CBM 176 Extra"]
[Source "ChessBase"]
[SourceDate "2017.03.02"]
[SourceVersion "1"]
[SourceVersionDate "2017.03.02"]
[SourceQuality "1"]
[WhiteTeam "Chess WP II"]
[BlackTeam "King Attackers"]
[WhiteTeamCountry "RSA"]
[BlackTeamCountry "RSA"]

1. e4 c6 2. d4 d5 3. Nd2 dxe4 4. Nxe4 Nd7 5. Nf3 Ngf6 6. Ng3 e6 7. Bd3 c5 8. c3 Be7 9. 0-0 b6 10. Re1 Bb7 11. Ne5 Nxe5 12. dxe5 Qd5 13. f3 c4 14. exf6 Bc5+ 15. Be3 Bxe3+ 16. Rxe3 cxd3 17. fxg7 Rg8 18. Rxd3 Qc5+ 19. Kh1 Rxg7 20. Qa4+ Bc6 21. Qh4 Qe7 22. Qc4 Rc8 23. Re1 Qg5 24. Rxe6+ fxe6 25. Qxe6+ Re7 26. Qxc8+ Kf7 27. Rd1 Qd2 28. Qf5+ Kg8 29. Qg4+ Kf8 30. Rg1 Rg7 31. Qc8+ Be8 32. Qf5+ Bf7 33. Qf6 Rg6 34. Qh8+ Bg8 35. Qe5 Bf7 36. Qb8+ Be8 37. Qxa7 Rxg3 38. Qa3+ Kg8 39. Qe7 Bf7 40. hxg3 Qxb2 41. Rd1 Qxa2 42. Rd8+ Kg7 43. Qe5+ Kg6 44. Rd6+ 1-0

[Event "Boksburg Inter Region-ch"]
[Site "Boksburg"]
[Date "2016.12.21"]
[Round "4.1"]
[White "Meintjies, Jacques J"]
[Black "Willenberg, Kenneth Sean"]
[Result "1-0"]
[WhiteElo "1919"]
[BlackElo "1950"]
[PlyCount "87"]
[EventDate "2016.12.20"]
[EventType "team-swiss"]
[EventRounds "7"]
[EventCountry "RSA"]
[SourceTitle "CBM 176 Extra"]
[Source "ChessBase"]
[SourceDate "2017.03.02"]
[SourceVersion "1"]
[SourceVersionDate "2017.03.02"]
[SourceQuality "1"]
[WhiteTeam "Rebels"]
[BlackTeam "Chess WP II"]
[WhiteTeamCountry "RSA"]
[BlackTeamCountry "RSA"]

1. e4 c5 2. Nc3 Nc6 3. Bb5 g6 4. f4 Nd4 5. Nf3 Nxb5 6. Nxb5 a6 7. Nc3 Bg7 8. 0-0 d6 9. Qe1 Nh6 10. d3 f5 11. e5 d5 12. d4 cxd4 13. Nxd4 e6 14. b3 b5 15. a4 b4 16. Nce2 a5 17. c3 Bf8 18. Bd2 Qb6 19. h3 Ba6 20. Kh1 Bc5 21. Rf3 Nf7 22. Qh4 Be7 23. Qf2 Bc5 24. cxb4 axb4 25. Be3 Bxe2 26. Nxe2 Bxe3 27. Qxe3 Qxe3 28. Rxe3 Kd7 29. Rc1 Rhc8 30. Rf3 Rxc1+ 31. Nxc1 Rc8 32. Nd3 Rb8 33. Rf1 Nd8 34. Rc1 Rb6 35. a5 Rb8 36. a6 Nc6 37. Nc5+ Ke7 38. Nxe6 Rb6 39. Nc7 Kd8 40. Rxc6 Rxc6 41. a7 Rc1+ 42. Kh2 Ra1 43. a8Q+ Rxa8 44. Nxa8 1-0

[Event "South African op"]
[Site "Cape Town"]
[Date "2015.07.10"]
[Round "10"]
[White "Willenberg, Kenneth Sean"]
[Black "Pesa, Mofoka A"]
[Result "0-1"]
[WhiteElo "2060"]
[BlackElo "1876"]
[PlyCount "28"]
[EventDate "2015.07.03"]
[EventType "swiss"]
[EventRounds "11"]
[EventCountry "RSA"]
[SourceTitle "CBM 167 Extra"]
[Source "ChessBase"]
[SourceDate "2015.09.14"]
[SourceVersion "1"]
[SourceVersionDate "2015.09.14"]
[SourceQuality "1"]

1. e4 c5 2. Nf3 Nc6 3. Bb5 g6 4. Bxc6 bxc6 5. d4 Bg7 6. dxc5 Qa5+ 7. Nbd2 Ba6 8. a3 Qxc5 9. c4 Qb6 10. 0-0 Nf6 11. Qc2 0-0 12. e5 Ne8 13. Rb1 c5 14. Ne4 Nc7 0-1

[Event "RSA-ch"]
[Site "Milnerton"]
[Date "2007.12.15"]
[Round "2"]
[White "Van den Heever, Donovan"]
[Black "Willenberg, Kenneth Sean"]
[Result "1-0"]
[WhiteElo "2202"]
[BlackElo "2183"]
[PlyCount "51"]
[EventDate "2007.12.14"]
[EventType "tourn"]
[EventRounds "11"]
[EventCountry "RSA"]
[SourceTitle "CBM 121 Extra"]
[Source "ChessBase"]
[SourceDate "2008.01.10"]
[SourceVersion "1"]
[SourceVersionDate "2008.01.10"]
[SourceQuality "1"]

1. e4 c5 2. Nf3 Nc6 3. d3 g6 4. g3 Bg7 5. Bg2 e5 6. 0-0 Nge7 7. c3 0-0 8. a3 a5 9. a4 d6 10. Na3 h6 11. Nh4 Be6 12. f4 Qd7 13. Nc4 Ra6 14. Be3 Rd8 15. Qd2 Kh7 16. f5 Bxc4 17. dxc4 Ng8 18. fxg6+ fxg6 19. Rf2 Raa8 20. Raf1 Qe6 21. Qd3 Nce7 22. Rd1 Nf6 23. Rfd2 b6 24. Qf1 Neg8 25. Bh3 Qe7 26. Bf5 1-0

[Event "RSA-ch"]
[Site "Milnerton"]
[Date "2007.12.14"]
[Round "1"]
[White "Willenberg, Kenneth Sean"]
[Black "Cawdery, Daniel"]
[Result "0-1"]
[WhiteElo "2183"]
[BlackElo "2254"]
[PlyCount "46"]
[EventDate "2007.12.14"]
[EventType "tourn"]
[EventRounds "11"]
[EventCountry "RSA"]
[SourceTitle "CBM 121 Extra"]
[Source "ChessBase"]
[SourceDate "2008.01.10"]
[SourceVersion "1"]
[SourceVersionDate "2008.01.10"]
[SourceQuality "1"]

1. e4 c5 2. Nf3 Nc6 3. Bb5 g6 4. 0-0 Bg7 5. c3 Nf6 6. e5 Nd5 7. Re1 0-0 8. d4 cxd4 9. cxd4 Nc7 10. Ba4 b5 11. d5 Nxe5 12. Nxe5 bxa4 13. d6 exd6 14. Qxd6 Re8 15. Bf4 Re6 16. Qd1 Qe7 17. Nd3 Rxe1+ 18. Nxe1 Bxb2 19. Nd2 Nd5 20. Nd3 Bxa1 21. Qxa1 Ba6 22. Bh6 Qf6 23. Qe5 Bxd3 0-1

[Event "RSA Young Masters"]
[Site "South Africa"]
[Date "2005.??.??"]
[Round "2"]
[White "Levitt, Mark"]
[Black "Willenberg, Kenneth Sean"]
[Result "1-0"]
[WhiteElo "2275"]
[BlackElo "2105"]
[PlyCount "121"]
[EventDate "2005.??.??"]
[EventType "tourn"]
[EventRounds "7"]
[EventCountry "RSA"]
[SourceTitle "EXT 2007"]
[Source "ChessBase"]
[SourceDate "2006.11.23"]
[SourceVersion "1"]
[SourceVersionDate "2006.11.23"]
[SourceQuality "1"]

1. d4 Nf6 2. Nf3 e6 3. g3 b6 4. Bg2 Bb7 5. 0-0 Be7 6. c4 c5 7. dxc5 bxc5 8. Nc3 0-0 9. Qc2 Nc6 10. Bf4 d5 11. Rad1 Qb6 12. cxd5 exd5 13. a3 Na5 14. Nh4 Rfd8 15. Na4 Qb5 16. Nf5 Bf8 17. Bg5 d4 18. Bxb7 Nxb7 19. Bxf6 gxf6 20. b3 Na5 21. Nxc5 Rac8 22. b4 Bxc5 23. Qe4 Bf8 24. bxa5 Qe5 25. Qg4+ Kh8 26. Rc1 Rc5 27. Rxc5 Qxc5 28. Rd1 Qxa5 29. Rd3 Qc5 30. Kg2 Qe5 31. Nxd4 Qg5 32. Qxg5 fxg5 33. a4 Bc5 34. Nb3 Rxd3 35. exd3 Bb6 36. a5 Bc7 37. a6 Bb6 38. Kf3 Kg7 39. d4 Kf6 40. Ke4 Ke6 41. d5+ Kd6 42. f3 Bd8 43. Kd4 f5 44. Kc4 Bb6 45. Nd4 Ke5 46. Nb5 g4 47. fxg4 fxg4 48. d6 Ke6 49. Kd3 Bg1 50. Ke4 Bxh2 51. Kf4 Bg1 52. Kxg4 Bc5 53. Kf3 Kd7 54. Ke4 Kc6 55. d7 Kxd7 56. Kd5 Bf2 57. Ke5 Ke7 58. Kd5 Kd7 59. Nd6 Be3 60. Ke5 Ke7 61. Nf5+ 1-0

[Event "Africa-ch U18"]
[Site "Tripoli"]
[Date "2004.01.04"]
[Round "7.4"]
[White "Willenberg, Kenneth Sean"]
[Black "Brodie, Stuart Mark"]
[Result "1/2-1/2"]
[WhiteElo "2212"]
[BlackElo "1961"]
[PlyCount "30"]
[EventDate "2003.12.29"]
[EventType "swiss"]
[EventRounds "9"]
[EventCountry "LBY"]
[SourceTitle "CBM 098 Extra"]
[Source "ChessBase"]
[SourceDate "2004.03.10"]
[SourceVersion "2"]
[SourceVersionDate "2004.03.10"]
[SourceQuality "1"]

1. e4 e5 2. d4 exd4 3. Nf3 d5 4. Qxd4 Be6 5. exd5 Qxd5 6. Nc3 Qxd4 7. Nxd4 Bd7 8. Ndb5 Bxb5 9. Nxb5 Na6 10. Bf4 c6 11. 0-0-0 cxb5 12. Bxb5+ Ke7 13. Rd6 Nc5 14. Re1+ Ne6 15. Rd7+ Kf6 1/2-1/2

[Event "RSA-ch"]
[Site "Kempton Park"]
[Date "2003.06.20"]
[Round "10"]
[White "Van den Heever, Donovan"]
[Black "Willenberg, Kenneth Sean"]
[Result "0-1"]
[WhiteElo "2035"]
[BlackElo "2212"]
[PlyCount "166"]
[EventDate "2003.06.14"]
[EventType "tourn"]
[EventRounds "11"]
[EventCountry "RSA"]
[SourceTitle "EXT 2004"]
[Source "ChessBase"]
[SourceDate "2003.11.25"]
[SourceVersion "1"]
[SourceVersionDate "2003.11.25"]
[SourceQuality "1"]

1. e4 e5 2. Nf3 Nc6 3. Bc4 Bc5 4. c3 Nf6 5. d3 d6 6. Bb3 a6 7. 0-0 0-0 8. Nbd2 Ba7 9. Re1 Ng4 10. Re2 Kh8 11. h3 Nh6 12. Nf1 f5 13. Bxh6 gxh6 14. exf5 Bxf5 15. N1h2 Qf6 16. Bd5 Ne7 17. Bxb7 Rab8 18. Be4 Bxh3 19. gxh3 d5 20. d4 dxe4 21. Nxe5 Nd5 22. Qc2 Nf4 23. Re3 Qh4 24. Rae1 Nxh3+ 25. Rxh3 Qxh3 26. Qxe4 Rg8+ 27. Kh1 Rbf8 28. Re3 Qh5 29. Neg4 Rg7 30. Re1 c6 31. Qe5 Qh4 32. Qg3 Qxg3 33. fxg3 h5 34. Ne5 Rf6 35. Kg2 h6 36. Nhf3 Bb8 37. Rh1 Rf5 38. Rh3 c5 39. Rh4 Bxe5 40. Nxe5 cxd4 41. cxd4 Rfg5 42. Kf2 Kg8 43. a3 Kf8 44. Rf4+ Ke7 45. Rf3 Ke6 46. Nd3 a5 47. Nf4+ Kd6 48. Rb3 Rc7 49. Kf3 Rc1 50. Rb7 Rc6 51. Rb8 Rc2 52. d5 Kd7 53. Rb7+ Kc8 54. Rb5 a4 55. Rb4 Kd7 56. Rb7+ Kc8 57. Rb4 Kd7 58. Rb6 Rh2 59. Rb4 h4 60. gxh4 Rg1 61. Rxa4 Rxh4 62. Ra7+ Kd6 63. Ra6+ Kd7 64. Ne6 Rd1 65. Ra5 Kd6 66. Ng7 Rf1+ 67. Ke2 Rf7 68. Ne8+ Kd7 69. Nc7 Rh2+ 70. Ke3 Rxb2 71. Ne6 Rf1 72. Ra6 h5 73. Nc5+ Ke8 74. d6 Re1+ 75. Kd4 Rd2+ 76. Kc4 Red1 77. Ra8+ Kf7 78. Ra7+ Ke8 79. Ra8+ Kf7 80. Ra7+ Kg6 81. d7 h4 82. Ra6+ Kh5 83. Ra8 h3 0-1

[Event "RSA-ch"]
[Site "Kempton Park"]
[Date "2003.06.16"]
[Round "6"]
[White "Aronov, Yuri"]
[Black "Willenberg, Kenneth Sean"]
[Result "1-0"]
[WhiteElo "2195"]
[BlackElo "2212"]
[PlyCount "98"]
[EventDate "2003.06.14"]
[EventType "tourn"]
[EventRounds "11"]
[EventCountry "RSA"]
[SourceTitle "EXT 2004"]
[Source "ChessBase"]
[SourceDate "2003.11.25"]
[SourceVersion "1"]
[SourceVersionDate "2003.11.25"]
[SourceQuality "1"]

1. d4 Nf6 2. Nf3 e6 3. c4 c5 4. e3 b6 5. Nc3 Bb7 6. d5 exd5 7. cxd5 d6 8. e4 Be7 9. Bd3 0-0 10. 0-0 Nbd7 11. h3 Re8 12. Bf4 a6 13. a4 Bf8 14. Re1 Qc7 15. Qd2 Rab8 16. Bc4 g6 17. Qd3 Ra8 18. Rad1 Nh5 19. Bh2 Bh6 20. Ne2 Bg7 21. g4 Nhf6 22. Nc3 h5 23. g5 Nh7 24. e5 Nxe5 25. Nxe5 dxe5 26. h4 Qd7 27. Ne4 Rad8 28. Qb3 Rb8 29. Bg3 Bc8 30. Nxc5 Qa7 31. Ne4 b5 32. axb5 axb5 33. Bf1 Bg4 34. Be2 Bd7 35. Bf3 Qa4 36. Qe3 Qb4 37. Nc5 Rbd8 38. Nd3 Qd4 39. Qxd4 exd4 40. Be5 Bg4 41. Bxg4 hxg4 42. Bxg7 Rxe1+ 43. Nxe1 Kxg7 44. Rxd4 f6 45. gxf6+ Nxf6 46. d6 Ne8 47. Rxg4 Kh6 48. Nf3 Rxd6 49. Kg2 Rf6 1-0

[Event "RSA-ch"]
[Site "Kempton Park"]
[Date "2003.06.14"]
[Round "1"]
[White "Gluckman, David"]
[Black "Willenberg, Kenneth Sean"]
[Result "1-0"]
[WhiteElo "2356"]
[BlackElo "2212"]
[PlyCount "95"]
[EventDate "2003.06.14"]
[EventType "tourn"]
[EventRounds "11"]
[EventCountry "RSA"]
[SourceTitle "EXT 2004"]
[Source "ChessBase"]
[SourceDate "2003.11.25"]
[SourceVersion "1"]
[SourceVersionDate "2003.11.25"]
[SourceQuality "1"]

1. Nf3 Nf6 2. c4 b6 3. g3 e6 4. Bg2 Bb7 5. 0-0 Be7 6. d4 0-0 7. Nc3 c5 8. b3 Ne4 9. Bb2 f5 10. Qc2 Bf6 11. dxc5 bxc5 12. Ne1 Nc6 13. Nxe4 fxe4 14. Rd1 Nb4 15. Qb1 Bxb2 16. Qxb2 Qc7 17. a3 Na6 18. Nc2 Rab8 19. Qc3 Bc6 20. Rb1 d5 21. e3 Rfd8 22. Rfd1 Be8 23. Bf1 Qc6 24. b4 cxb4 25. axb4 dxc4 26. Rxd8 Rxd8 27. Nd4 Qd6 28. Bxc4 Nc7 29. Ra1 a6 30. Kg2 Nd5 31. Bxd5 exd5 32. Nf5 Qf6 33. Qxf6 gxf6 34. Rxa6 Rb8 35. Ne7+ Kg7 36. Nxd5 Bh5 37. Ra7+ Kh6 38. h3 Bf3+ 39. Kh2 Rb5 40. Ra5 Rb8 41. Ra6 Rb5 42. Rxf6+ Kg7 43. Rd6 Bh5 44. Nf4 Bf3 45. Rd4 Rb8 46. Ne6+ Kf6 47. Nc5 Re8 48. b5 1-0

[Event "RSA-ch"]
[Site "Kempton Park"]
[Date "2003.06.14"]
[Round "2"]
[White "Willenberg, Kenneth Sean"]
[Black "De Villiers, Charles"]
[Result "0-1"]
[WhiteElo "2212"]
[BlackElo "2335"]
[PlyCount "128"]
[EventDate "2003.06.14"]
[EventType "tourn"]
[EventRounds "11"]
[EventCountry "RSA"]
[SourceTitle "EXT 2004"]
[Source "ChessBase"]
[SourceDate "2003.11.25"]
[SourceVersion "1"]
[SourceVersionDate "2003.11.25"]
[SourceQuality "1"]

1. e4 c5 2. Nf3 d6 3. Bb5+ Bd7 4. Bxd7+ Nxd7 5. 0-0 Ngf6 6. Qe2 e6 7. b3 Be7 8. Bb2 0-0 9. c4 a6 10. Nc3 Ne5 11. Ng5 Nfd7 12. Nh3 Nc6 13. f4 Bf6 14. Kh1 b5 15. d3 Qa5 16. e5 dxe5 17. Ne4 Be7 18. fxe5 Ndxe5 19. Bxe5 Nxe5 20. Neg5 Qc7 21. Rae1 h6 22. Ne4 Nc6 23. Qh5 Nd4 24. Nf4 Kh7 25. Nh3 g6 26. Qd1 f5 27. Nd2 Bd6 28. Nf3 Nxf3 29. Qxf3 Rae8 30. g3 Rf7 31. Kg1 Be5 32. Nf4 Bxf4 33. gxf4 e5 34. Qd5 Rd7 35. Qf3 Rde7 36. Qd5 exf4 37. Rxe7+ Rxe7 38. Qf3 Qe5 39. Qxf4 Qxf4 40. Rxf4 Rd7 41. Rf3 Kg7 42. Kf2 Kf6 43. Ke3 g5 44. cxb5 axb5 45. Rf1 f4+ 46. Ke2 b4 47. Rc1 Rd5 48. a4 bxa3 49. Ra1 Re5+ 50. Kf2 Re3 51. Rxa3 Rxd3 52. Ra5 Rxb3 53. Rxc5 Rb2+ 54. Kg1 g4 55. Rh5 Kg6 56. Rc5 f3 57. Rd5 h5 58. Rc5 Rg2+ 59. Kh1 Re2 60. Kg1 Re1+ 61. Kf2 Rh1 62. Kg3 Rg1+ 63. Kh4 f2 64. Rc6+ Kf7 0-1

[Event "BIS Prestige op"]
[Site "South Africa"]
[Date "2003.??.??"]
[Round "7"]
[White "Morrison, Graham R"]
[Black "Willenberg, Kenneth Sean"]
[Result "1-0"]
[WhiteElo "2140"]
[BlackElo "2212"]
[PlyCount "71"]
[EventDate "2003.??.??"]
[EventType "swiss"]
[EventRounds "7"]
[EventCountry "RSA"]
[SourceTitle "EXT 2007"]
[Source "ChessBase"]
[SourceDate "2006.11.23"]
[SourceVersion "1"]
[SourceVersionDate "2006.11.23"]
[SourceQuality "1"]

1. d4 Nf6 2. Nf3 b6 3. c4 e6 4. a3 Be7 5. Nc3 Bb7 6. d5 exd5 7. cxd5 d6 8. e4 0-0 9. Be2 c5 10. 0-0 Nbd7 11. h3 Re8 12. Re1 Bf8 13. Bf1 a6 14. a4 g6 15. Bf4 Qc7 16. Qd2 Bg7 17. Rad1 Nh5 18. Bh6 Ne5 19. Nh2 Bh8 20. Be2 Nf6 21. f4 Ned7 22. Bc4 b5 23. axb5 Nb6 24. Bf1 c4 25. bxa6 Rxa6 26. Qc2 Qc5+ 27. Kh1 Bc8 28. Nf3 Bd7 29. e5 Nfxd5 30. Nxd5 Ba4 31. Qd2 Bxd1 32. exd6 Be5 33. Ne7+ Kh8 34. Nxe5 Rxe7 35. dxe7 Qxe7 36. Nxg6+ 1-0